000 00518nam a2200181Ia 4500
005 20250923144725.0
008 008 250917s9999 xx 000 0 eng d
037 _aTextual
040 _aDSWL
_beng
_cDSWL
041 _aeng
_2eng
084 _aX
_qDSWL
100 _aParmer, J. Norman
_9827761
245 0 _aColonial labor policy and administration
_cby J.Norman Parmer
260 _aNew York
_b J.J.A.I. Publisher
_c1960
300 _axii,294p.
942 _cTEXL
_hX
999 _c1442513
_d1442513